00608cam a22002291 4500001001300000003000400013005001700017008004100034010001700075035002000092040001800112042001200130050001900142100002400161245005000185260001100235300003500246500001600281504003100297600003300328999001700361sa 67003130 DLC20260227112335.0890417s1966 ii ac b 000 0 beno  asa 67003130  a(OCoLC)19561664 aDLCcWaUdDLC apremarc00aPQ2635.O5bZ822 aSen Gupta, Promode.10aKālāntarera pathika Ramyām̐ Ralām̐. c[1966] a255 p.billus., ports.c19 cm. aIn Bengali. aBibliographical footnotes.10aRolland, Romain,d1866-1944. c73643d73643